<?xml version="1.0" encoding="UTF-8"?><?xml-stylesheet type="text/xsl" href="static/style.xsl"?><OAI-PMH xmlns="http://www.openarchives.org/OAI/2.0/" xmlns:xsi="http://www.w3.org/2001/XMLSchema-instance" xsi:schemaLocation="http://www.openarchives.org/OAI/2.0/ http://www.openarchives.org/OAI/2.0/OAI-PMH.xsd"><responseDate>2026-04-27T14:37:04Z</responseDate><request verb="GetRecord" identifier="oai:uvadoc.uva.es:10324/7132" metadataPrefix="marc">https://uvadoc.uva.es/oai/request</request><GetRecord><record><header><identifier>oai:uvadoc.uva.es:10324/7132</identifier><datestamp>2021-06-29T10:08:49Z</datestamp><setSpec>com_10324_38</setSpec><setSpec>col_10324_852</setSpec></header><metadata><record xmlns="http://www.loc.gov/MARC21/slim" xmlns:doc="http://www.lyncode.com/xoai" xmlns:xsi="http://www.w3.org/2001/XMLSchema-instance" xmlns:dcterms="http://purl.org/dc/terms/" xsi:schemaLocation="http://www.loc.gov/MARC21/slim http://www.loc.gov/standards/marcxml/schema/MARC21slim.xsd">
<leader>00925njm 22002777a 4500</leader>
<datafield tag="042" ind1=" " ind2=" ">
<subfield code="a">dc</subfield>
</datafield>
<datafield tag="720" ind1=" " ind2=" ">
<subfield code="a">Ayuso Martín, Estela</subfield>
<subfield code="e">author</subfield>
</datafield>
<datafield tag="260" ind1=" " ind2=" ">
<subfield code="c">2014</subfield>
</datafield>
<datafield tag="520" ind1=" " ind2=" ">
<subfield code="a">El conocido proceso Plan Bolonia unifica el sistema educativo en los países miembros del Espacio Europeo de Educación Superior desde el curso académico 2010-2011, y con ello la titulación de Grado de Enfermería. El objetivo del presente artículo consiste en analizar desde el enfoque enfermero los cuatro libros de texto más recomendados por los profesores de las diferentes Escuelas Universitaria de Enfermería españolas sobre la asignatura de Enfermería en Salud Sexual y Reproductiva. Para ello realizamos un estudio descriptivo-comparativo de las citadas cuatro fuentes bibliográficas, para de esta forma, ver si sus contenidos se adaptan a las competencias propuestas de la nueva titulación de Grado. A modo de conclusión, decir que con el paso de Diplomatura a Grado de Enfermería la bibliografía en que el estudiante base su conocimiento debe actualizarse para conseguir el avance de dicha formación.</subfield>
</datafield>
<datafield tag="024" ind2=" " ind1="8">
<subfield code="a">http://uvadoc.uva.es/handle/10324/7132</subfield>
</datafield>
<datafield ind1=" " ind2=" " tag="653">
<subfield code="a">Salud femenina</subfield>
</datafield>
<datafield ind1=" " ind2=" " tag="653">
<subfield code="a">Enfermería</subfield>
</datafield>
<datafield tag="245" ind1="0" ind2="0">
<subfield code="a">Estudio descriptivo-comparativo de los libros más recomendados en los estudios de grado en Enfermería de la asignatura "Cuidados de la mujer desde la adolescencia hasta el climaterio"</subfield>
</datafield>
</record></metadata></record></GetRecord></OAI-PMH>